000 01286nam a22003857a 4500
001 0050156
003 KOHA_MİRAKIL
005 20260207003717.0
007 ta
008 150629b2013 tu |||gr||||#||||0|tur |
020 _a9786051510477
040 _aTR-BiSEU
_btur
_cTR-BiSEU
_erda
041 0 _atur
044 _ctu
050 _aBF721
_b.K38 2013
100 1 _aKavaklı, Ali Erkan.
245 1 _aÇocuğumu daha zeki ve ahlaklı yetiştiriyorum/
_cAli Erkan Kavaklı ; Ali Erkan Kavaklı.
264 1 _aİstanbul :
_bHayat Yayınları
_c2013
300 _a260 sayfa ;
_c21 cm.
336 _ametin
_btxt
_2rdacontent
337 _aaracısız
_bn
_2rdamedia
338 _acilt
_bnc
_2rdacarrier
490 1 _aHayat yayınları ;
_v491.
490 1 _aAile ve Çocuk Eğitimi ;
_v48
500 _aKaynakça var.
650 0 _aChild psychology--Moral development
_992484
650 0 _aÇocuk psikolojisi--Ahlak gelişimi
_992485
650 0 _aAchievement motivation in children
_992486
650 0 _aÇocuklarda Başarı motivasyon.
_992487
650 0 _aÇocuklarda Zeka gelişimi.
_992488
650 0 _aBrain development in children.
_992489
830 1 _aHayat yayınları ;
_v491.
_99026
830 1 _aAile ve Çocuk Eğitimi ;
_v48
_992490
942 _2lcc
_cBK
999 _c49991
_d49991